000 00919nam0a22002291 4500
001 rc\204469
005 20030307114101.9
021 _aRU
_bКН-П-19-094876
_9КН-П-19-6953
035 _a(NLR Aleph) 005456446
090 _a4912173
_c4912173
100 _a20030307d1992 u y0rusy50 ca
101 0 _arus
102 _aRU
105 _ay |||||||||
200 1 _aУказатель руководящих документов, переведенных в категорию справочно-информационных, для персонала цехов ТАИ тепловых электростанции
_fМ-во топлива и энергетики Рос. Федерации
_g[Исполн. Р.П. Бакуль]
210 _aМ.
_cСПО ОРГРЭС
_d1992
215 _a12 с.
_d20
801 0 _aRU
_bNLR
_gpsbo
801 1 _aRU
_bELAR
_2rusmarc
852 _aNLR
_bС
_jК-1/5902
942 _cBOOK
980 _aNB